• 首页
  • 本馆介绍
  • 公告通知
  • 最新文献
  • 馆藏检索
  • 电子资源
  • 读者导购
  • 参考咨询
  • 我的图书馆
  • 登录
  • 详细信息显示
  • 放入我的书架
  • 预约/预借图书
  • 作者相关作品
  • 分类相关作品
  • 丛书相关作品
  • 出版社相关作品

书目信息

  • 表格格式
  • 工作单格式
  • 卡片格式
题名:
园林绿化工程资料编制范例
    
 
作者: 任爱国 编著
分册:  
出版信息: 北京   中国轻工业出版社  2018.8
页数: 497页
开本: 26cm
丛书名:
单 册:
中图分类: TU986.3
科图分类:
主题词: 园林--绿化--工程施工 , 园林 , 绿化
电子资源:
ISBN: 978-7-5019-7499-3
000 00876nam0 2200265 45
001 012001002276
005 20131110131323.0
010    @a978-7-5019-7499-3@dCNY98.00
100    @a20100825d2010 em y0chiy50 ea
101 0  @achi
102    @aCN@b110000
105    @ak z 000yy
106    @ar
200 1  @a园林绿化工程资料编制范例@Ayuan lin lv hua gong cheng zi liao bian zhi fan li@f任爱国编著
210    @a北京@c中国轻工业出版社@d2018.8
215    @a497页@d26cm
300    @a万方图书
330    @a本书既包括绿化种植工程,也包括景观构筑物、园林铺地、园林给水排水、园林用电,内容全面翔实,对于园林景观工程资料编制具有较强的针对性、实用性和参考价值。
606 0  @a园林@x绿化@x工程施工
606 0  @a园林
606 0  @a绿化
690    @aTU986.3@v4
701  0 @a任爱国@Aren ai guo@4编著
801  0 @aCN@b北京卓展@c20191020
905    @b1205099-101@dTU986.3@e1522@f3
    
    园林绿化工程资料编制范例/任爱国编著.-北京:中国轻工业出版社,2018.8
    497页;26cm
    万方图书
    
    ISBN 978-7-5019-7499-3:CNY98.00
    本书既包括绿化种植工程,也包括景观构筑物、园林铺地、园林给水排水、园林用电,内容全面翔实,对于园林景观工程资料编制具有较强的针对性、实用性和参考价值。
●
相关链接 在E读中查询图书 在五车中查询图书 在当当中查询图书 在豆瓣中查询图书


正题名:园林绿化工程资料编制范例     索取号:TU986.3/1522         预约/预借

序号 登录号 条形码 馆藏地/架位号 状态 备注
1 1205099   212050992   第二样本阅览室/ [索取号:TU986.3/1522] 在馆    
2 1205100   212051009   第三借阅区/ [索取号:TU986.3/1522] 在馆    
3 1205101   212051018   第三借阅区/ [索取号:TU986.3/1522] 在馆    
唐山师范学院图书馆 欢迎您!
大连网信软件有限公司© 版权所有